| 000 | 00802cam a22002535a 4500 | ||
|---|---|---|---|
| 001 | 4171152 | ||
| 005 | 20171128141432.0 | ||
| 008 | 790307s1979 nyua frb 001 0 eng d | ||
| 020 | _a0841904952 | ||
| 040 |
_aDLC _cDLC _dDLC _dEG-ScBUE _beng |
||
| 082 | 0 | 4 |
_a328.3345 _222 _bTAY |
| 100 | 1 |
_aTaylor, Peter J. _q(Peter James), _d1944- |
|
| 245 | 1 | 0 |
_aGeography of elections / _cP. J. Taylor and R. J. Johnston. |
| 260 |
_aNew York : _bHolmes & Meier Publishers, _c1979. |
||
| 300 |
_a528 p. : _bill. ; _c23 cm. |
||
| 500 | _aIncludes index. | ||
| 504 | _aBibliography : p. 487-516. | ||
| 650 | 7 |
_aElection districts. _2BUEsh |
|
| 650 | 7 |
_aElections. _2BUEsh |
|
| 650 | 7 |
_aVoting. _2BUEsh |
|
| 653 |
_bHHUUEENN _cNovember2017 |
||
| 700 | 1 |
_aJohnston, R. J. _q(Ronald John), _ejoint author. |
|
| 942 | _2ddc | ||
| 999 |
_c25689 _d25661 |
||